Artistas británicos más escuchados en Spotify - Estadísticas

Estadísticas generales
  • Esta prueba ha sido intentada 71 veces
    66 desde el último reinicio
  • La puntuación promedio es 8 de 48
Estadísticas de respuestas
Oyentes Mensuales (millones) Artista % Correcto
47,3M Harry Styles
71%
36M The Beatles
69%
61,8M Adele
63%
75,8M Ed Sheeran
55%
65,6M Dua Lipa
47%
42,6M One Direction
47%
53M Queen
45%
27,9M The Rolling Stones
37%
93,4M Coldplay
35%
49,4M Elton John
29%
26,3M Zayn Malik
24%
52,9M Sam Smith
20%
26,5M Oasis
18%
21,8M Amy Winehouse
16%
65,8M Calvin Harris
16%
39,7M Charlie XCX
16%
54,2M Artic Monkeys
14%
11,7M John Lennon
14%
13,9M Paul McCartney
14%
17,1M David Bowie
12%
12,5M Spice Girls
12%
11,4M Blur
8%
34,8M Fleetwood Mac
8%
17,4M Led Zeppelin
8%
33,2M Lewis Capaldi
8%
18,4M Pink Floyd
8%
18M The Cure
8%
17,7M The Smiths
8%
14,4M Black Sabbath
6%
16,9M Jessie J
6%
14,6M The Clash
6%
26,6M Bee Gees
4%
14M Depeche Mode
4%
19,8M George Michael
4%
24,3M Gorillaz
4%
20,3M Lorde
4%
15,9M Muse
4%
15,2M Sade
4%
31,2M The Police
4%
12,5M Bonnie Tyler
2%
19,1M Dire Straits
2%
11,9M Robbie Williams
2%
14,8M Wham!
2%
12,3M Kate Bush
0%
14,6M Passenger
0%
23M Phil Collins
0%
11,7M Sting
0%
37,1M Tom Odell
0%
No se encontraron pruebas coincidentes
Distribución de puntuación
Porcentaje de gente con cada puntuación
Porcentaje por número respondido
Historial de tus puntuaciones
No has intentado esta prueba desde el último reinicio